00460nam a2200181 a 4500001001300000003000900013005001700022008004100039020001000080082001500090100002300105245001700128260005000145300000800195500003500203650001700238700002300255nice12345678IN_TiNIC20260116011414.0070619s0000 boma grp 000 0 hin  ac10000a891.4bNAD aNadvi, Abdus Salam aSheral Hindu aBombay bShethia Audio Vidio Pvt. Ltd. c0000 a00p aincludes index and biblioraphy aHindi-Poetry1 aNadvi, Abdus Salam